000 00621nam a22002057a 4500
005 20251108170031.0
008 250721s1997 xx 000 0 ara d
082 1 4 _a346.09/زهر
100 1 _aزهران، همام محمد
245 1 0 _aالتأمنيات العينية و الشخصية :
_bالتأمنيات العينية /
264 1 _aالقاهرة :
_c1997.
300 _a500ص
650 1 7 _aالقانون
650 1 7 _aالرهونات
650 1 7 _aالسندات المكتوبة
650 1 7 _aرهن المتاع
650 1 7 _aالرهن العقاري
942 _2ddc
_cBK
999 _c37952
_d37952